Reconceptualización a la tica: apuntes históricos para el trabajo social costarricense/

Desde un estudio histórico-materialista, este artículo devela las condiciones que permitieron el desencadenamiento del proceso reconceptualizador en el escenario costarricense. Para ello, se recogen las mediaciones que incidieron en la gesta del movimiento de reconceptualización, las cuales van desd...

Volledige beschrijving

Bewaard in:
Bibliografische gegevens
Hoofdauteur: Villalobos Morales, Manuel Antonio
Formaat: Boek
Taal:Spanish
Onderwerpen:
Online toegang:texto completo
Tags: Voeg label toe
Geen labels, Wees de eerste die dit record labelt!

MARC

LEADER 00000nam a22000007a 4500
003 cru CIDCACS/IIS
005 20220316111853.0
007 ta
008 181116s2018 cr ||||| ||||||0| ||spa|d
040 |c cru CIDCACS/IIS 
100 1 |a Villalobos Morales, Manuel Antonio   |9 7961 
245 1 |a Reconceptualización a la tica:  |b apuntes históricos para el trabajo social costarricense/  |c Manuel Antonio Villalobos Morales 
300 |a páginas 57-71 
520 |a Desde un estudio histórico-materialista, este artículo devela las condiciones que permitieron el desencadenamiento del proceso reconceptualizador en el escenario costarricense. Para ello, se recogen las mediaciones que incidieron en la gesta del movimiento de reconceptualización, las cuales van desde las condiciones latinoamericanas y nacionales de mayor amplitud histórica hasta mediaciones político-académicas, que permitieron que este proceso se diera en la década de los 70. RAR 11/03/22 
650 0 |2 OCDE  |9 850  |a TRABAJO SOCIAL 
650 0 |2 OCDE  |9 64  |a CAPITALISMO 
650 0 |2 OCDE  |9 243  |a ESTADO 
650 0 |2 OCDE  |9 3  |a MOVIMIENTOS SOCIALES 
650 0 |2 CIDCSO  |9 7575  |a MATERIALISMO HISTORICO 
651 0 |2 OCDE  |9 32  |a COSTA RICA 
773 0 |0 18728  |9 2409  |a Universidad de Costa Rica  |d San José, Costa Rica Editorial UCR 1956-  |o 18922  |t Revista de Ciencias Sociales/  |x 04825276 
856 |u https://revistas.ucr.ac.cr/index.php/sociales/article/view/33687/33154  |y texto completo 
942 |2 ddc  |c PP 
999 |c 41903  |d 41903